Dự án bảo vệ rừng và phát triển đất trống ( TP. HCM 10-12/1/1996) : Tài liệu hội thảo
Shranjeno v:
| Format: | Knjiga |
|---|---|
| Jezik: | Undetermined |
| Izdano: |
[Tp. Hồ Chí Minh]
[Tp. Hồ Chí Minh]
1996
|
| Teme: | |
| Oznake: |
Označite
Brez oznak, prvi označite!
|
| Thư viện lưu trữ: | Trung tâm Học liệu Trường Đại học Cần Thơ |
|---|
| LEADER | 00529nam a2200157Ia 4500 | ||
|---|---|---|---|
| 001 | CTU_122729 | ||
| 008 | 210402s9999 xx 000 0 und d | ||
| 082 | |a 634.9 | ||
| 082 | |b D550 | ||
| 245 | 0 | |a Dự án bảo vệ rừng và phát triển đất trống ( TP. HCM 10-12/1/1996) : | |
| 245 | 0 | |b Tài liệu hội thảo | |
| 260 | |a [Tp. Hồ Chí Minh] | ||
| 260 | |b [Tp. Hồ Chí Minh] | ||
| 260 | |c 1996 | ||
| 650 | |a Forests and forestry | ||
| 980 | |a Trung tâm Học liệu Trường Đại học Cần Thơ | ||